Nghiên cứuchiết tách anthocyanin từ hoa dâm bụt
Tổng quan về cây dâm bụt, anthocyanin... Nguyên liệu và phương pháp nghiên cứu. Kết quả và bàn luận : một số chỉ tiêu hóa lý của hoa dâm bụt, nghiên cứu chiết tách anthocyanin từ hoa dâm bụt
Đã lưu trong:
| Tác giả chính: | |
|---|---|
| Tác giả khác: | |
| Định dạng: | Sách |
| Ngôn ngữ: | Vietnamese |
| Được phát hành: |
Đại học Đà Nẵng
Trường đại học Sư Phạm
2010
|
| Loạt: | Khóa luận tốt nghiệp đại học. Chuyên ngành: Sư phạm Hóa
|
| Những chủ đề: | |
| Các nhãn: |
Thêm thẻ
Không có thẻ, Là người đầu tiên thẻ bản ghi này!
|
| Thư viện lưu trữ: | Mạng thư viện Đại học Đà Nẵng |
|---|
| LEADER | 01544nam a2200349 4500 | ||
|---|---|---|---|
| 001 | 000011990 | ||
| 003 | 8272 | ||
| 005 | 20120214150217.0 | ||
| 008 | 120214s2010 viesd | ||
| 041 | |a vie | ||
| 072 | |a Khóa luận tốt nghiệp | ||
| 082 | |a 664.022 |b LE-B | ||
| 100 | |a Lê, Thị Kim Bích | ||
| 245 | |a Nghiên cứuchiết tách anthocyanin từ hoa dâm bụt |c Lê, Thị Kim Bích | ||
| 260 | |a Đại học Đà Nẵng |b Trường đại học Sư Phạm |c 2010 | ||
| 300 | |a 46 tr. |b hình mhọa |c 29 cm | ||
| 490 | |a Khóa luận tốt nghiệp đại học. Chuyên ngành: Sư phạm Hóa | ||
| 500 | |a Tham khảo + phụ lục [7 tr.] | ||
| 520 | |a Tổng quan về cây dâm bụt, anthocyanin... Nguyên liệu và phương pháp nghiên cứu. Kết quả và bàn luận : một số chỉ tiêu hóa lý của hoa dâm bụt, nghiên cứu chiết tách anthocyanin từ hoa dâm bụt | ||
| 653 | |a Khóa luận tốt nghiệp đại học | ||
| 653 | |a Khoa Hóa học | ||
| 700 | |a Phan, Thảo Thơ |c Th.S |e Hướng dẫn | ||
| OWN | |a LSP | ||
| AVA | |a UDN50 |b LSP |d 664.022 LE-B |e available |t Error 5001 Not defined in file expand_doc_bib_avail. |f 1 |g 0 |h N |i 0 |k 1 | ||
| 999 | |a From the UDN01 | ||
| AVA | |a UDN50 |b LSP |d 664.022 LE-B |e available |t Error 5001 Not defined in file expand_doc_bib_avail. |f 1 |g 0 |h N |i 0 |k 1 | ||
| TYP | |a Monograph | ||
| TYP | |a Printed language | ||
| 980 | |a Mạng thư viện Đại học Đà Nẵng | ||